| 000 | 00612nam a2200193 i 4500 | ||
|---|---|---|---|
| 001 | 76697 | ||
| 003 | ES-MaACL | ||
| 007 | t| | ||
| 008 | 041004s1963 sp ||||1| spa d | ||
| 100 | 1 |
_aGuiart, Jean. _960630 |
|
| 245 | 1 | 0 |
_aOceanía / _cJean Guiart ; traducción de Arturo del Hoyo. |
| 260 |
_a[Madrid] : _bAguilar ; _a[Bilbao : _bGrijelmo, _c1963] |
||
| 300 |
_a462 p., 99 lám. ; _c28 cm. |
||
| 490 | 1 | _aEl universo de las formas | |
| 700 | 1 |
_aHoyo, Arturo del, _d1917-2004 _964424 |
|
| 830 | 0 |
_aEl universo de las formas _9181490 |
|
| 852 |
_aES-MaACL _jE-6953 _bR.51282 |
||
| 999 |
_c76697 _d76697 |
||